000 00404nam a22001577a 4500
005 20250516031824.0
008 250516b |||||||| |||| 00| 0 eng d
020 _a9559302035
082 _222
_a300
_bJAY
100 _aJayawardana, Kumari
245 _aWidyathmaka Samacha Wadiya
250 _a2nd
260 _aColombo
_bDiyasa Publication
_c1995
500 _aA Book on Scientist Socialism
942 _cL
999 _c6049
_d6049